[Event "Deutsche Ländermeisterschaft 2025"]
[Site "Oer-Erkenschwick GER"]
[Date "2025.10.05"]
[Round "7"]
[White "Ratushnyi, Viktor"]
[Black "Naumann, Lennart"]
[Result "1-0"]
[Termination "normal"]
[Board "2.4"]
[WhiteElo "2087"]
[BlackElo "1895"]
[WhiteClock "00:10:40"]
[BlackClock "00:00:31"]
[WhiteTeam "Bayern"]
[BlackTeam "Württemberg"]
[PlyCount "65"]
[WhiteFideId "34167293"]
[BlackFideId "34644830"]
[EventCountry "GER"]
[EventRounds "7"]
[EventType "team-swiss"]
[EventDate "2025.09.30"]

1. e4 {[%clk 01:30:59]} c6 {[%clk 01:30:55]} {[%emt 00:00:05]} 2. d4 {[%clk
01:31:25]} {[%emt 00:00:04]} d5 {[%clk 01:31:19]} {[%emt 00:00:06]} 3. e5
{[%clk 01:31:51]} {[%emt 00:00:04]} Bf5 {[%clk 01:31:42]} {[%emt 00:00:05]} 4.
h4 {[%clk 01:32:16]} {[%emt 00:00:06]} h6 {[%clk 01:32:04]} {[%emt 00:00:08]}
5. g4 {[%clk 01:32:27]} {[%emt 00:00:19]} Be4 {[%clk 01:32:25]} {[%emt
00:00:08]} 6. f3 {[%clk 01:32:39]} {[%emt 00:00:19]} Bh7 {[%clk 01:32:48]}
{[%emt 00:00:06]} 7. e6 {[%clk 01:30:56]} {[%emt 00:02:14]} Qd6 {[%clk
01:33:10]} {[%emt 00:00:07]} 8. exf7+ {[%emt 00:00:16]} Kxf7 {[%clk 01:33:32]}
{[%emt 00:00:01]} 9. f4 {[%clk 01:27:17]} {[%emt 00:04:30]} Nf6 {[%clk
01:33:53]} {[%emt 00:00:08]} 10. Be2 {[%clk 01:16:52]} {[%emt 00:10:56]} Nbd7
{[%clk 01:24:50]} {[%emt 00:09:30]} 11. Nf3 {[%clk 01:11:40]} {[%emt 00:05:45]}
Nxg4 {[%clk 01:02:20]} {[%emt 00:22:59]} 12. Ne5+ {[%clk 01:09:38]} {[%emt
00:02:32]} Ngxe5 {[%clk 00:54:00]} {[%emt 00:08:50]} 13. fxe5 {[%clk 01:10:02]}
{[%emt 00:00:07]} Qb4+ {[%clk 00:53:20]} {[%emt 00:01:10]} 14. c3 {[%clk
01:09:06]} {[%emt 00:01:26]} Qb6 {[%clk 00:53:41]} {[%emt 00:00:08]} 15. Rf1+
{[%clk 00:44:58]} {[%emt 00:24:38]} Ke8 {[%clk 00:53:44]} {[%emt 00:00:26]} 16.
Bg4 {[%clk 00:42:34]} {[%emt 00:02:55]} c5 {[%clk 00:39:41]} {[%emt 00:14:33]}
17. Qf3 {[%clk 00:34:53]} {[%emt 00:08:11]} Qc6 {[%clk 00:26:54]} {[%emt
00:13:16]} 18. Be3 {[%clk 00:32:03]} {[%emt 00:03:21]} cxd4 {[%clk 00:23:50]}
{[%emt 00:03:34]} 19. cxd4 {[%clk 00:29:11]} {[%emt 00:03:22]} e6 {[%clk
00:18:47]} {[%emt 00:05:33]} 20. Nc3 {[%clk 00:25:34]} {[%emt 00:04:08]} Bb4
{[%clk 00:17:33]} {[%emt 00:01:43]} 21. Qf7+ {[%clk 00:24:23]} {[%emt
00:01:41]} Kd8 {[%clk 00:17:55]} {[%emt 00:00:08]} 22. Rc1 {[%clk 00:24:19]}
{[%emt 00:00:34]} Kc7 {[%clk 00:01:02]} {[%emt 00:17:22]} 23. a3 {[%clk
00:21:48]} {[%emt 00:03:02]} Raf8 {[%clk 00:00:48]} {[%emt 00:00:43]} 24. Qxe6
{[%clk 00:17:07]} {[%emt 00:05:12]} Rxf1+ {[%clk 00:00:46]} {[%emt 00:00:32]}
25. Kxf1 {[%clk 00:17:35]} {[%emt 00:00:01]} Bd3+ {[%clk 00:00:38]} {[%emt
00:00:39]} 26. Kg1 {[%clk 00:15:31]} {[%emt 00:02:33]} Qxe6 {[%clk 00:00:33]}
{[%emt 00:00:35]} 27. Bxe6 {[%clk 00:15:55]} {[%emt 00:00:07]} Ba5 {[%clk
00:00:34]} {[%emt 00:00:29]} 28. Nxd5+ {[%clk 00:14:58]} {[%emt 00:01:27]} Kd8
{[%clk 00:00:57]} {[%emt 00:00:06]} 29. b4 {[%clk 00:11:47]} {[%emt 00:03:42]}
Bb6 {[%clk 00:00:52]} {[%emt 00:00:35]} 30. a4 {[%clk 00:10:23]} {[%emt
00:01:54]} Re8 {[%clk 00:00:34]} {[%emt 00:00:48]} 31. Bf7 {[%clk 00:09:59]}
{[%emt 00:00:53]} Rf8 {[%clk 00:00:36]} {[%emt 00:00:28]} 32. e6 {[%clk
00:10:21]} {[%emt 00:00:08]} Nf6 {[%clk 00:00:31]} {[%emt 00:00:35]} 33. e7+
{[%clk 00:10:40]} {[%emt 00:00:11]} 1-0

[Event "Deutsche Ländermeisterschaft 2025"]
[Site "Oer-Erkenschwick GER"]
[Date "2025.10.05"]
[Round "7"]
[White "Moldovan, Stela"]
[Black "Reich, Elisabeth"]
[Result "1-0"]
[Termination "normal"]
[Board "2.5"]
[WhiteElo "1841"]
[BlackElo "1894"]
[WhiteClock "00:42:15"]
[BlackClock "00:19:28"]
[WhiteTeam "Württemberg"]
[BlackTeam "Bayern"]
[PlyCount "75"]
[WhiteFideId "16287380"]
[BlackFideId "16239776"]
[EventCountry "GER"]
[EventRounds "7"]
[EventType "team-swiss"]
[EventDate "2025.09.30"]

1. d4 {[%clk 01:30:48]} {[%emt 00:00:11]} f5 {[%clk 01:30:56]} {[%emt
00:00:04]} 2. Bg5 {[%clk 01:30:51]} {[%emt 00:00:27]} Nf6 {[%clk 01:31:19]}
{[%emt 00:00:08]} 3. Bxf6 {[%clk 01:30:40]} {[%emt 00:00:40]} exf6 {[%clk
01:31:48]} {[%emt 00:00:01]} 4. e3 {[%clk 01:30:38]} {[%emt 00:00:32]} d5
{[%clk 01:32:13]} {[%emt 00:00:05]} 5. c4 {[%clk 01:30:36]} {[%emt 00:00:32]}
dxc4 {[%clk 01:31:08]} {[%emt 00:01:35]} 6. Bxc4 {[%clk 01:29:09]} {[%emt
00:01:57]} Bb4+ {[%clk 01:31:15]} {[%emt 00:00:23]} 7. Nc3 {[%clk 01:28:43]}
{[%emt 00:00:56]} Qe7 {[%clk 01:30:27]} {[%emt 00:01:18]} 8. Nge2 {[%clk
01:25:28]} {[%emt 00:03:45]} c6 {[%clk 01:26:47]} {[%emt 00:04:10]} 9. O-O
{[%clk 01:21:45]} {[%emt 00:04:13]} Nd7 {[%clk 01:25:49]} {[%emt 00:01:26]} 10.
Nf4 {[%clk 01:19:12]} {[%emt 00:03:06]} Nb6 {[%clk 01:25:31]} {[%emt 00:00:47]}
11. Qh5+ {[%clk 01:16:41]} {[%emt 00:03:01]} Kd8 {[%clk 01:25:15]} {[%emt
00:00:46]} 12. Bb3 {[%clk 01:14:46]} {[%emt 00:02:25]} Bd7 {[%clk 01:19:20]}
{[%emt 00:06:24]} 13. Rac1 {[%clk 01:13:04]} {[%emt 00:02:11]} g5 {[%clk
01:16:11]} {[%emt 00:03:42]} 14. Nd3 {[%clk 01:11:24]} {[%emt 00:02:07]} Bxc3
{[%clk 01:15:27]} {[%emt 00:01:17]} 15. Rxc3 {[%clk 01:10:52]} {[%emt
00:01:02]} Kc7 {[%clk 01:14:03]} {[%emt 00:01:54]} 16. Nc5 {[%clk 01:07:01]}
{[%emt 00:04:21]} Rac8 {[%clk 01:12:34]} {[%emt 00:01:58]} 17. a4 {[%clk
01:05:00]} {[%emt 00:02:33]} Kb8 {[%clk 01:07:04]} {[%emt 00:05:58]} 18. Qf3
{[%clk 01:04:00]} {[%emt 00:01:28]} g4 {[%clk 01:02:14]} {[%emt 00:05:22]} 19.
Qg3+ {[%clk 00:59:05]} {[%emt 00:05:24]} Ka8 {[%clk 01:02:09]} {[%emt
00:00:37]} 20. Ba2 {[%clk 00:51:22]} {[%emt 00:08:10]} h5 {[%clk 00:58:42]}
{[%emt 00:04:00]} 21. f3 {[%clk 00:48:22]} {[%emt 00:03:30]} h4 {[%clk
00:56:57]} {[%emt 00:02:14]} 22. Qf2 {[%clk 00:47:21]} {[%emt 00:01:29]} Rh6
{[%clk 00:53:03]} {[%emt 00:04:26]} 23. a5 {[%clk 00:46:05]} {[%emt 00:01:48]}
Nd5 {[%clk 00:51:54]} {[%emt 00:01:39]} 24. Rb3 {[%clk 00:46:15]} {[%emt
00:00:18]} b6 {[%clk 00:28:48]} {[%emt 00:23:37]} 25. axb6 {[%clk 00:45:21]}
{[%emt 00:01:24]} axb6 {[%clk 00:28:22]} {[%emt 00:00:56]} 26. Qe2 {[%clk
00:44:12]} {[%emt 00:01:36]} b5 {[%clk 00:23:55]} {[%emt 00:04:59]} 27. Ra3+
{[%clk 00:44:09]} {[%emt 00:00:32]} Kb8 {[%clk 00:24:19]} {[%emt 00:00:07]} 28.
Bxd5 {[%clk 00:43:39]} {[%emt 00:01:01]} cxd5 {[%clk 00:24:11]} {[%emt
00:00:37]} 29. Rfa1 {[%clk 00:43:43]} {[%emt 00:00:26]} Rxc5 {[%clk 00:20:30]}
{[%emt 00:04:12]} 30. Ra8+ {[%clk 00:43:30]} {[%emt 00:00:43]} Kc7 {[%clk
00:20:02]} {[%emt 00:00:57]} 31. R1a7+ {[%clk 00:43:11]} {[%emt 00:00:50]} Kd6
{[%clk 00:19:23]} {[%emt 00:01:09]} 32. dxc5+ {[%clk 00:42:49]} {[%emt
00:00:53]} Kxc5 {[%clk 00:19:16]} {[%emt 00:00:36]} 33. Rc8+ {[%clk 00:42:21]}
{[%emt 00:00:55]} Kb6 {[%clk 00:18:38]} {[%emt 00:01:11]} 34. Rcc7 {[%clk
00:42:27]} {[%emt 00:00:24]} gxf3 {[%clk 00:18:39]} {[%emt 00:00:29]} 35. Qd2
{[%clk 00:41:58]} {[%emt 00:00:58]} b4 {[%clk 00:18:47]} {[%emt 00:00:24]} 36.
Qd4+ {[%clk 00:41:51]} {[%emt 00:00:34]} Kb5 {[%clk 00:19:07]} {[%emt
00:00:12]} 37. Rcb7+ {[%clk 00:41:52]} {[%emt 00:00:29]} Kc6 {[%clk 00:19:28]}
{[%emt 00:00:09]} 38. Qb6# {[%clk 00:42:15]} {[%emt 00:00:07]} 1-0

[Event "Deutsche Ländermeisterschaft 2025"]
[Site "Oer-Erkenschwick GER"]
[Date "2025.10.05"]
[Round "7"]
[White "Ranganathan, Aadith"]
[Black "Retzlaff, Nick"]
[Result "1/2-1/2"]
[Termination "normal"]
[Board "2.6"]
[WhiteElo "1923"]
[BlackElo "1875"]
[WhiteClock "00:52:35"]
[BlackClock "00:02:39"]
[WhiteTeam "Bayern"]
[BlackTeam "Württemberg"]
[PlyCount "134"]
[WhiteFideId "34667121"]
[BlackFideId "34610367"]
[EventCountry "GER"]
[EventRounds "7"]
[EventType "team-swiss"]
[EventDate "2025.09.30"]

1. e4 {[%clk 01:30:55]} {[%emt 00:00:04]} c5 {[%clk 01:30:55]} {[%emt
00:00:05]} 2. Nf3 {[%clk 01:31:20]} {[%emt 00:00:06]} d6 {[%clk 01:31:20]}
{[%emt 00:00:05]} 3. d4 {[%clk 01:31:46]} {[%emt 00:00:04]} cxd4 {[%clk
01:31:36]} {[%emt 00:00:14]} 4. Nxd4 {[%clk 01:32:08]} {[%emt 00:00:08]} Nf6
{[%clk 01:32:00]} {[%emt 00:00:06]} 5. Nc3 {[%clk 01:32:32]} {[%emt 00:00:05]}
a6 {[%clk 01:32:26]} {[%emt 00:00:05]} 6. f3 {[%clk 01:32:58]} {[%emt
00:00:04]} e5 {[%clk 01:32:51]} {[%emt 00:00:05]} 7. Nb3 {[%clk 01:33:24]}
{[%emt 00:00:04]} Be6 {[%clk 01:24:25]} {[%emt 00:08:55]} 8. Be3 {[%clk
01:33:08]} {[%emt 00:00:47]} h5 {[%clk 01:24:47]} {[%emt 00:00:07]} 9. Qd2
{[%clk 01:33:02]} {[%emt 00:00:36]} Nbd7 {[%clk 01:23:27]} {[%emt 00:01:50]}
10. O-O-O {[%clk 01:32:42]} {[%emt 00:00:51]} Rc8 {[%clk 01:20:22]} {[%emt
00:03:34]} 11. f4 {[%clk 01:23:26]} {[%emt 00:09:47]} b5 {[%clk 01:11:15]}
{[%emt 00:09:37]} 12. Bd3 {[%clk 01:15:21]} {[%emt 00:08:35]} Bc4 {[%clk
00:58:26]} {[%emt 00:13:19]} 13. h3 {[%clk 01:09:01]} {[%emt 00:06:51]} h4
{[%clk 00:52:52]} {[%emt 00:06:02]} 14. Kb1 {[%clk 01:04:05]} {[%emt 00:05:26]}
Nh5 {[%clk 00:45:53]} {[%emt 00:07:29]} 15. Rhe1 {[%clk 00:59:51]} {[%emt
00:04:45]} exf4 {[%clk 00:37:19]} {[%emt 00:09:03]} 16. Bxf4 {[%clk 00:57:42]}
{[%emt 00:02:40]} Nxf4 {[%clk 00:36:49]} {[%emt 00:01:00]} 17. Qxf4 {[%clk
00:57:36]} {[%emt 00:00:36]} Qf6 {[%clk 00:32:14]} {[%emt 00:05:05]} 18. Qxf6
{[%clk 00:54:18]} {[%emt 00:03:48]} Nxf6 {[%clk 00:31:27]} {[%emt 00:01:16]}
19. e5 {[%clk 00:53:48]} {[%emt 00:01:00]} dxe5 {[%clk 00:30:13]} {[%emt
00:01:44]} 20. Rxe5+ {[%clk 00:52:47]} {[%emt 00:01:31]} Be7 {[%clk 00:28:21]}
{[%emt 00:02:22]} 21. Rde1 {[%clk 00:49:20]} {[%emt 00:03:57]} Rc7 {[%clk
00:28:12]} {[%emt 00:00:38]} 22. Bxc4 {[%clk 00:48:32]} {[%emt 00:01:18]} bxc4
{[%clk 00:28:01]} {[%emt 00:00:41]} 23. Nd4 {[%clk 00:47:47]} {[%emt 00:01:15]}
Kf8 {[%clk 00:24:06]} {[%emt 00:04:25]} 24. Nf5 {[%clk 00:46:58]} {[%emt
00:01:19]} Bb4 {[%clk 00:15:21]} {[%emt 00:09:14]} 25. Rd1 {[%clk 00:42:59]}
{[%emt 00:04:30]} Kg8 {[%clk 00:12:38]} {[%emt 00:03:13]} 26. Nd5 {[%clk
00:40:15]} {[%emt 00:03:13]} Nxd5 {[%clk 00:12:17]} {[%emt 00:00:51]} 27. Rexd5
{[%clk 00:40:16]} {[%emt 00:00:30]} g6 {[%clk 00:08:35]} {[%emt 00:04:12]} 28.
Nd4 {[%clk 00:39:09]} {[%emt 00:01:36]} Kg7 {[%clk 00:06:29]} {[%emt 00:02:36]}
29. c3 {[%clk 00:39:22]} {[%emt 00:00:17]} Be7 {[%clk 00:06:29]} {[%emt
00:00:30]} 30. Re1 {[%clk 00:39:25]} {[%emt 00:00:27]} Bf6 {[%clk 00:06:28]}
{[%emt 00:00:30]} 31. Rd6 {[%clk 00:38:24]} {[%emt 00:01:32]} a5 {[%clk
00:05:03]} {[%emt 00:01:56]} 32. Nb5 {[%clk 00:38:32]} {[%emt 00:00:22]} Rc5
{[%clk 00:04:04]} {[%emt 00:01:26]} 33. a4 {[%clk 00:38:42]} {[%emt 00:00:22]}
Rg5 {[%clk 00:03:39]} {[%emt 00:00:54]} 34. Rf1 {[%clk 00:37:13]} {[%emt
00:01:59]} Be5 {[%clk 00:01:29]} {[%emt 00:02:39]} 35. Rd7 {[%clk 00:37:15]}
{[%emt 00:00:30]} Rf8 {[%clk 00:01:26]} {[%emt 00:00:32]} 36. Rf2 {[%clk
00:30:33]} {[%emt 00:07:14]} Rg3 {[%clk 00:00:56]} {[%emt 00:00:59]} 37. Ra7
{[%clk 00:30:54]} {[%emt 00:00:09]} g5 {[%clk 00:00:37]} {[%emt 00:00:50]} 38.
Rxa5 {[%clk 00:31:13]} {[%emt 00:00:11]} f5 {[%clk 00:00:36]} {[%emt 00:00:31]}
39. Ra7+ {[%clk 00:31:36]} {[%emt 00:00:06]} Kf6 {[%clk 00:00:35]} {[%emt
00:00:31]} 40. a5 {[%clk 00:31:59]} {[%emt 00:00:07]} Rd3 {[%clk 00:00:34]}
{[%emt 00:00:31]} 41. a6 {[%clk 00:31:55]} {[%emt 00:00:34]} Rb8 {[%clk
00:29:02]} {[%emt 00:02:01]} 42. Nd4 {[%clk 01:00:40]} {[%emt 00:01:46]} Bxd4
{[%clk 00:27:29]} {[%emt 00:02:03]} 43. cxd4 {[%clk 01:00:25]} {[%emt
00:00:45]} Rxd4 {[%clk 00:17:57]} {[%emt 00:10:02]} 44. Rc7 {[%clk 00:58:35]}
{[%emt 00:02:20]} Rd6 {[%clk 00:16:53]} {[%emt 00:01:34]} 45. a7 {[%clk
00:57:54]} {[%emt 00:01:11]} Ra8 {[%clk 00:16:54]} {[%emt 00:00:29]} 46. Re2
{[%clk 00:51:23]} {[%emt 00:07:02]} Re6 {[%clk 00:09:41]} {[%emt 00:07:42]} 47.
Rxe6+ {[%clk 00:50:28]} {[%emt 00:01:26]} Kxe6 {[%clk 00:09:55]} {[%emt
00:00:16]} 48. Kc2 {[%clk 00:50:52]} {[%emt 00:00:05]} g4 {[%clk 00:03:17]}
{[%emt 00:07:08]} 49. hxg4 {[%clk 00:49:27]} {[%emt 00:01:55]} fxg4 {[%clk
00:03:27]} {[%emt 00:00:20]} 50. Rxc4 {[%clk 00:49:49]} {[%emt 00:00:08]} h3
{[%clk 00:03:19]} {[%emt 00:00:37]} 51. Rxg4 {[%clk 00:49:53]} {[%emt
00:00:26]} hxg2 {[%clk 00:03:29]} {[%emt 00:00:20]} 52. Rxg2 {[%clk 00:50:18]}
{[%emt 00:00:05]} Rxa7 {[%clk 00:03:48]} {[%emt 00:00:11]} 53. Rd2 {[%clk
00:50:43]} {[%emt 00:00:05]} Ke5 {[%clk 00:02:31]} {[%emt 00:01:47]} 54. Rd8
{[%clk 00:50:14]} {[%emt 00:00:58]} Rc7+ {[%clk 00:02:33]} {[%emt 00:00:29]}
55. Kb1 {[%clk 00:50:25]} {[%emt 00:00:19]} Rb7 {[%clk 00:02:50]} {[%emt
00:00:13]} 56. Rd2 {[%clk 00:50:49]} {[%emt 00:00:07]} Rb6 {[%clk 00:02:44]}
{[%emt 00:00:36]} 57. Ka2 {[%clk 00:51:12]} {[%emt 00:00:06]} Rb8 {[%clk
00:01:54]} {[%emt 00:01:20]} 58. b3 {[%clk 00:51:28]} {[%emt 00:00:14]} Ra8+
{[%clk 00:02:05]} {[%emt 00:00:19]} 59. Kb2 {[%clk 00:51:49]} {[%emt 00:00:09]}
Rb8 {[%clk 00:02:22]} {[%emt 00:00:13]} 60. Rd3 {[%clk 00:52:13]} {[%emt
00:00:06]} Ke4 {[%clk 00:02:38]} {[%emt 00:00:15]} 61. Rd6 {[%clk 00:52:37]}
{[%emt 00:00:06]} Ke5 {[%clk 00:02:37]} {[%emt 00:00:31]} 62. Rd7 {[%clk
00:53:00]} {[%emt 00:00:06]} Ke4 {[%clk 00:02:50]} {[%emt 00:00:17]} 63. Rd2
{[%clk 00:52:11]} {[%emt 00:01:18]} Ke3 {[%clk 00:02:55]} {[%emt 00:00:26]} 64.
Rd6 {[%clk 00:52:35]} {[%emt 00:00:06]} Ke4 {[%clk 00:02:17]} {[%emt 00:01:09]}
65. Kc3 {[%clk 00:52:17]} {[%emt 00:00:48]} Ke5 {[%clk 00:01:51]} {[%emt
00:00:56]} 66. Rd4 {[%clk 00:52:13]} {[%emt 00:00:33]} Rxb3+ {[%clk 00:02:10]}
{[%emt 00:00:11]} 67. Kxb3 {[%clk 00:52:35]} {[%emt 00:00:08]} Kxd4 {[%clk
00:02:39]} 1/2-1/2

[Event "Deutsche Ländermeisterschaft 2025"]
[Site "Oer-Erkenschwick GER"]
[Date "2025.10.05"]
[Round "7"]
[White "Balazs, Sztella Anna"]
[Black "Prokscha, Charlotte"]
[Result "1-0"]
[Termination "normal"]
[Board "2.7"]
[WhiteElo "1831"]
[BlackElo "1767"]
[WhiteClock "00:20:43"]
[BlackClock "00:22:02"]
[WhiteTeam "Württemberg"]
[BlackTeam "Bayern"]
[PlyCount "93"]
[WhiteFideId "799645"]
[BlackFideId "34614699"]
[EventCountry "GER"]
[EventRounds "7"]
[EventType "team-swiss"]
[EventDate "2025.09.30"]

1. e4 {[%clk 01:30:58]} c5 {[%clk 01:30:55]} {[%emt 00:00:06]} 2. Nf3 {[%clk
01:31:25]} {[%emt 00:00:03]} e6 {[%clk 01:31:19]} {[%emt 00:00:06]} 3. d4
{[%clk 01:31:51]} {[%emt 00:00:04]} cxd4 {[%clk 01:31:43]} {[%emt 00:00:06]} 4.
Nxd4 {[%clk 01:32:18]} {[%emt 00:00:04]} Nc6 {[%clk 01:32:06]} {[%emt
00:00:07]} 5. Nc3 {[%clk 01:32:24]} {[%emt 00:00:24]} Nf6 {[%clk 01:32:30]}
{[%emt 00:00:06]} 6. Ndb5 {[%clk 01:22:51]} {[%emt 00:10:03]} d6 {[%clk
01:32:45]} {[%emt 00:00:15]} 7. Bf4 {[%clk 01:23:04]} {[%emt 00:00:17]} e5
{[%clk 01:33:08]} {[%emt 00:00:07]} 8. Bg5 {[%clk 01:23:30]} {[%emt 00:00:04]}
a6 {[%clk 01:33:29]} {[%emt 00:00:09]} 9. Bxf6 {[%clk 01:23:01]} {[%emt
00:01:00]} gxf6 {[%clk 01:33:47]} {[%emt 00:00:12]} 10. Na3 {[%clk 01:23:27]}
{[%emt 00:00:04]} b5 {[%clk 01:33:37]} {[%emt 00:00:39]} 11. Nd5 {[%clk
01:23:23]} {[%emt 00:00:34]} f5 {[%clk 01:30:59]} {[%emt 00:03:07]} 12. Bd3
{[%clk 01:09:43]} {[%emt 00:14:11]} Be6 {[%clk 01:29:19]} {[%emt 00:02:09]} 13.
c3 {[%clk 01:09:11]} {[%emt 00:01:03]} Bxd5 {[%clk 01:29:19]} {[%emt 00:00:30]}
14. exd5 {[%clk 01:09:37]} {[%emt 00:00:04]} Ne7 {[%clk 01:29:43]} {[%emt
00:00:06]} 15. Qh5 {[%clk 01:09:14]} {[%emt 00:00:53]} e4 {[%clk 01:29:53]}
{[%emt 00:00:20]} 16. Be2 {[%clk 01:09:10]} {[%emt 00:00:35]} Bg7 {[%clk
01:29:07]} {[%emt 00:01:14]} 17. Rd1 {[%clk 01:04:43]} {[%emt 00:04:58]} O-O
{[%clk 01:21:15]} {[%emt 00:08:21]} 18. Nc2 {[%clk 01:03:13]} {[%emt 00:02:01]}
Qc8 {[%clk 01:13:16]} {[%emt 00:08:28]} 19. O-O {[%clk 01:00:04]} {[%emt
00:03:40]} Ra7 {[%clk 01:00:20]} {[%emt 00:13:26]} 20. Rfe1 {[%clk 00:53:16]}
{[%emt 00:07:18]} Re8 {[%clk 00:44:42]} {[%emt 00:16:07]} 21. Bf1 {[%clk
00:49:56]} {[%emt 00:03:51]} Ng6 {[%clk 00:41:53]} {[%emt 00:03:17]} 22. g3
{[%clk 00:27:42]} {[%emt 00:22:46]} f4 {[%clk 00:15:24]} {[%emt 00:26:59]} 23.
Bh3 {[%clk 00:18:43]} {[%emt 00:09:28]} Qc5 {[%clk 00:15:17]} {[%emt 00:00:35]}
24. Bf5 {[%clk 00:17:57]} {[%emt 00:01:19]} fxg3 {[%clk 00:13:58]} {[%emt
00:01:48]} 25. hxg3 {[%clk 00:18:19]} {[%emt 00:00:09]} Rae7 {[%clk 00:13:20]}
{[%emt 00:01:05]} 26. Re3 {[%clk 00:16:52]} {[%emt 00:01:59]} Re5 {[%clk
00:12:10]} {[%emt 00:01:40]} 27. Nb4 {[%clk 00:16:30]} {[%emt 00:00:53]} a5
{[%clk 00:10:39]} {[%emt 00:02:01]} 28. Nc6 {[%clk 00:16:24]} {[%emt 00:00:35]}
Rxd5 {[%clk 00:07:19]} {[%emt 00:03:50]} 29. Rxd5 {[%clk 00:16:41]} {[%emt
00:00:13]} Qxc6 {[%clk 00:07:35]} {[%emt 00:00:14]} 30. Rxe4 {[%clk 00:14:57]}
{[%emt 00:02:15]} Rxe4 {[%clk 00:04:51]} {[%emt 00:03:14]} 31. Bxe4 {[%clk
00:15:23]} {[%emt 00:00:04]} Be5 {[%clk 00:04:15]} {[%emt 00:01:06]} 32. Rxe5
{[%clk 00:15:43]} {[%emt 00:00:11]} Qc4 {[%clk 00:03:58]} {[%emt 00:00:45]} 33.
Re8+ {[%clk 00:14:16]} {[%emt 00:01:58]} Kg7 {[%clk 00:03:24]} {[%emt
00:01:04]} 34. Qd5 {[%clk 00:13:25]} {[%emt 00:01:21]} Qe2 {[%clk 00:01:55]}
{[%emt 00:01:59]} 35. b4 {[%clk 00:07:40]} {[%emt 00:06:16]} axb4 {[%clk
00:01:41]} {[%emt 00:00:44]} 36. cxb4 {[%clk 00:08:05]} {[%emt 00:00:05]} Qe1+
{[%clk 00:01:04]} {[%emt 00:01:06]} 37. Kg2 {[%clk 00:08:30]} {[%emt 00:00:05]}
Qxb4 {[%clk 00:00:46]} {[%emt 00:00:49]} 38. Bd3 {[%clk 00:08:16]} {[%emt
00:00:44]} Qg4 {[%clk 00:00:50]} {[%emt 00:00:26]} 39. Qxb5 {[%clk 00:03:18]}
{[%emt 00:05:29]} Nf4+ {[%clk 00:00:41]} {[%emt 00:00:38]} 40. Kg1 {[%clk
00:02:55]} {[%emt 00:00:54]} Nh3+ {[%clk 00:00:37]} {[%emt 00:00:34]} 41. Kh2
{[%clk 00:01:10]} {[%emt 00:02:14]} Ng5 {[%clk 00:29:37]} {[%emt 00:01:29]} 42.
Qb2+ {[%clk 00:28:33]} {[%emt 00:03:08]} f6 {[%clk 00:29:47]} {[%emt 00:00:20]}
43. Re7+ {[%clk 00:28:44]} {[%emt 00:00:19]} Nf7 {[%clk 00:29:11]} {[%emt
00:01:05]} 44. Qe2 {[%clk 00:28:44]} {[%emt 00:00:30]} Qd4 {[%clk 00:27:10]}
{[%emt 00:02:32]} 45. Kg2 {[%clk 00:25:49]} {[%emt 00:03:25]} d5 {[%clk
00:23:20]} {[%emt 00:04:21]} 46. Bxh7 {[%clk 00:23:16]} {[%emt 00:03:03]} Qc5
{[%clk 00:22:02]} {[%emt 00:01:47]} 47. Qe6 {[%clk 00:20:43]} {[%emt 00:03:03]}
1-0